Kuľturologičeskij potencial precedentnych tekstov v praktike prepodovanija RKI (na primere literaturnych reminiscencij v gazetno-žurnaľnych zagolovkach)
Vyučovanie ruského jazyka ako cudzieho na odborných vysokých školách. Potreba poznania kuľtúrnych odlišností dvoch jazykov a reálií. Vyučovanie ruského jazyka s praktickým využitím literatúrnych reminiscencií z tlače.
Salvato in:
| Autore principale: | |
|---|---|
| Natura: | Capitolo di libro |
| Lingua: | russo |
| Soggetti: | |
| Tags: |
Nessun Tag, puoi essere il primo ad aggiungerne!!
|
MARC
| LEADER | 00000naa$a2200000$$$4500 | ||
|---|---|---|---|
| 001 | 0069861 | ||
| 005 | 20240502071837.5 | ||
| 041 | 0 | |a rus | |
| 044 | |a SK | ||
| 245 | 1 | 0 | |a Kuľturologičeskij potencial precedentnych tekstov v praktike prepodovanija RKI (na primere literaturnych reminiscencij v gazetno-žurnaľnych zagolovkach) |c Irina Dulebová |
| 520 | |a Vyučovanie ruského jazyka ako cudzieho na odborných vysokých školách. Potreba poznania kuľtúrnych odlišností dvoch jazykov a reálií. Vyučovanie ruského jazyka s praktickým využitím literatúrnych reminiscencií z tlače. | ||
| 610 | 2 | 0 | |a jazyky cudzie |
| 610 | 2 | 0 | |a vyučovanie |
| 610 | 2 | 0 | |a vzdelávanie |
| 610 | 2 | 0 | |a kultúra |
| 610 | 2 | 0 | |a literatúra |
| 610 | 2 | 0 | |a tlač |
| 610 | 2 | 0 | |a noviny |
| 610 | 2 | 0 | |a časopisy |
| 100 | 1 | |a Dulebová, Irina | |